00713nam a22002297a 450000500170000001000130001702000100003003500130004003700160005304000120006908200210008110000270010224500620012924600440019126000610023527000650029630000190036165000180038065000450039865000120044365000280045520170123162343.0 aA-511469 c40.00 aA-511469 bCen Lib/Ret aDPLbUR a509.2bس ب ہ  aسبھاش چندرا  aاعلامی سائنسدان /cسبھاش چندرا  aAalami sciensdan /bby Subhash Chander  aنیی دہلی bسادھنا پبلیکیشنز c1990 bنیی دہلی aڈی-٤١، گلموہر پارک e110049 a48p.c21cm(Hb) a سائنس aسوانح حیات - سائنسدان aScience aBiographry -- Scientist